Statistics for JetPunk Levels With the Most Users

Click here to take the quiz!

General Stats

  • This quiz has been taken 110 times
  • The average score is 23 of 24

Answer Stats

Answer% Correct
1
100%
19
98%
9
98%
2
97%
20
97%
21
97%
22
97%
23
97%
3
97%
4
97%
6
97%
7
97%
8
97%
10
96%
11
96%
12
96%
13
96%
14
96%
15
96%
16
96%
17
96%
18
96%
5
96%
28
87%

Score Distribution

Percentile by Number Answered

Percent of People with Each Score

Your Score History

You have not taken this quiz